000 00679nam a2200253Ia 4500
003 OSt
005 20221006160551.0
006 a|||||r|||| 00| 0
007 ta
008 221006b |||||||| |||| 00| 0 eng d
024 _a45,514
037 _cSeries Articles
040 _aEASL
_cEASL
_beng
041 _2eng
_aeng
100 _aTan Paige
_9674168
245 0 _aAung San Suu Kyi
_b A leader born, a leader made
260 _aAnn Arbor
_bAssocation for Asian Studies,Inc.
_c2014
300 _a5 - 12pp.
_ccm.
490 _v19
650 _a Education
650 _aEducation-China
_9629171
942 _cREF
_2CC
999 _c1113606
_d1113606